Glosario jurídico burocrático /

Guardat en:
Dades bibliogràfiques
Autor principal: Martínez Morales, Rafael I. (autor)
Format: Llibre
Idioma:espanyol
Publicat: México : IURE, 2005, c2005
Col·lecció:(Glosarios Jurídicos Temáticos ; Segunda Serie ; 4)
Matèries:
Etiquetes: Afegir etiqueta
Sense etiquetes, Sigues el primer a etiquetar aquest registre!

MARC

LEADER 00000nam^a2200000^a^4500
001 000181109
005 20250521000000.0
009 20260310101922.394
020 |a 968-5409-48-X 
020 |a 968-5409-45-6 
037 |a Acervo ITESO - Biblioteca 
041 |a ESP 
082 |a 340. 03  |b GLO S. 2 V. 4 
100 |a Martínez Morales, Rafael I.  |e (autor) 
240 1 1 |a [Glosarios jurídicos temáticos] 
245 1 0 |a Glosario jurídico burocrático /  |c R.I. Martínez Morales. 
264 4 |a México :  |b IURE,  |c 2005, c2005 
300 |a 88 p. 
336 |a texto  |b txt  |2 rdacontenido 
337 |a sin mediación  |b n  |2 rdamedio 
338 |a volumen  |b nc  |2 rdasoporte 
440 1 |a (Glosarios Jurídicos Temáticos ;  |p Segunda Serie ;  |v 4) 
649 |a XX 
650 |a Derecho Constitucional -  |z México -  |x Enciclopedias y Diccionarios 
650 |a Derecho Constitucional -  |x Enciclopedias y Diccionarios 
650 |a Derecho Público -  |z México -  |x Enciclopedias y Diccionarios 
650 |a Derecho Público -  |x Enciclopedias y Diccionarios 
650 |a Derecho -  |z México -  |x Enciclopedias y Diccionarios 
650 |a Derecho -  |x Enciclopedias y Diccionarios 
650 |a Enciclopedias y Diccionarios 
910 |a Fondo General 
920 |a Impresos - Libros 
930 |a Obras de Referencia 
905 |a 102 
901 |a 0500121006  |b IT2  |c REF  |u 20250521 
902 |a https://opac.biblio.iteso.mx/vufind/Record/000181109